[Event "Sitges Sunway op 9th"]
[Site "Sitges"]
[Date "2022.12.12"]
[Round "1"]
[White "Bibilashvili, Lali"]
[Black "Reprintsev, Alexander"]
[Result "0-1"]
[WhiteElo "1900"]
[BlackElo "2330"]
[PlyCount "66"]
[EventDate "2022.12.12"]
[EventType "swiss"]
[EventRounds "10"]
[EventCountry "ESP"]
[SourceTitle "CBM 211 Extra"]
[Source "ChessBase"]
[SourceDate "2023.01.31"]
[SourceVersion "1"]
[SourceVersionDate "2023.01.31"]
[SourceQuality "1"]

1. Nf3 d5 2. g3 Nc6 3. d4 Bf5 4. c3 Qd7 5. Bg2 Bh3 6. 0-0 h5 7. Nh4 0-0-0 8. b4 Bxg2 9. Kxg2 e6 10. Qa4 Kb8 11. b5 Nce7 12. Nd2 g5 13. Nhf3 Ng6 14. Nxg5 h4 15. Nb3 f6 16. Na5 fxg5 17. Nc6+ bxc6 18. bxc6 Qc8 19. Rb1+ Ka8 20. Rb7 Qxb7 21. cxb7+ Kb8 22. Bxg5 Be7 23. Be3 Nf6 24. f3 hxg3 25. hxg3 Rdg8 26. g4 Nh5 27. Qd7 Bd6 28. g5 Rg7 29. Qc6 Ne7 30. Qa6 Nf5 31. Qd3 Bf4 32. Rh1 Bxe3 33. Qb5 Nf4+ 0-1

[Event "Speed Chess Q1"]
[Site "Chess.com INT"]
[Date "2022.11.10"]
[Round "7"]
[White "Bibilashvili, Lali"]
[Black "Szente Varga, Fruzsina"]
[Result "0-1"]
[WhiteElo "1919"]
[BlackElo "2075"]
[PlyCount "86"]
[EventDate "2022.11.10"]
[EventType "swiss (blitz)"]
[EventRounds "14"]
[EventCountry "USA"]
[SourceTitle "CBM 211 Extra"]
[Source "ChessBase"]
[SourceDate "2023.01.31"]
[SourceVersion "1"]
[SourceVersionDate "2023.01.31"]
[SourceQuality "1"]

1. c4 Nf6 2. g3 c6 3. Bg2 d5 4. cxd5 cxd5 5. Nf3 g6 6. 0-0 Bg7 7. d3 0-0 8. Nc3 Nc6 9. Bg5 Bg4 10. Rc1 Qd7 11. a3 Rfd8 12. Qb3 b6 13. Rfe1 Rac8 14. Na2 Na5 15. Qb4 Bh3 16. Ne5 Qf5 17. Bxh3 Qxg5 18. Qxe7 Ne4 19. Qxf7+ Kh8 20. Nxg6+ hxg6 21. Rxc8 Rxc8 22. Bxc8 Nd6 23. Qd7 Qd2 24. Rc1 Nf5 25. Qe8+ Kh7 26. Bxf5 gxf5 27. Qh5+ Qh6 28. Qxf5+ Qg6 29. Qxd5 Bxb2 30. Rc6 Nxc6 31. Qd7+ Bg7 32. Qh3+ Kg8 33. Qc8+ Bf8 34. Nc3 Qf6 35. Ne4 Qa1+ 36. Kg2 Ne5 37. Qe6+ Nf7 38. Nf6+ Kg7 39. Ne8+ Kg8 40. Qg4+ Bg7 41. Qc8 Kh7 42. Qf5+ Kg8 43. Qc8 Qe5 0-1

[Event "Speed Chess Q1"]
[Site "Chess.com INT"]
[Date "2022.11.10"]
[Round "1"]
[White "Samadov, Read"]
[Black "Bibilashvili, Lali"]
[Result "1-0"]
[WhiteElo "2450"]
[BlackElo "1919"]
[PlyCount "113"]
[EventDate "2022.11.10"]
[EventType "swiss (blitz)"]
[EventRounds "14"]
[EventCountry "USA"]
[SourceTitle "CBM 211 Extra"]
[Source "ChessBase"]
[SourceDate "2023.01.31"]
[SourceVersion "1"]
[SourceVersionDate "2023.01.31"]
[SourceQuality "1"]

1. d4 Nf6 2. c4 g6 3. g3 Bg7 4. Bg2 d6 5. Nc3 0-0 6. Nf3 Nbd7 7. 0-0 e5 8. e4 Re8 9. h3 c6 10. Re1 exd4 11. Nxd4 Nc5 12. Qc2 a5 13. Be3 a4 14. Rad1 Qa5 15. a3 Nfd7 16. Na2 Ne5 17. Nb4 Ne6 18. Ne2 Bf8 19. f4 Nd7 20. Kh2 Nec5 21. Nc3 Nb6 22. Nb1 f5 23. Nd2 fxe4 24. Nxe4 Bf5 25. Nf6+ Kf7 26. Qc3 Re6 27. Bd4 Bg7 28. Rxe6 Nxe6 29. Bxb6 Qxb6 30. Nd7 Qf2 31. Qd2 Qxd2 32. Rxd2 Nxf4 33. Nb6 Nxg2 34. Nxa8 Ne3 35. Re2 Nxc4 36. Nc7 Nxb2 37. Ne8 Be5 38. Nc7 Nc4 39. Kg2 Nxa3 40. g4 Bb1 41. Na8 Nc4 42. Re1 Na3 43. Nb6 c5 44. N4d5 Ke6 45. Nf4+ Kf6 46. Nfd5+ Kg7 47. Nxa4 b5 48. Nab6 b4 49. Nd7 b3 50. Nxe5 dxe5 51. Rxe5 Nc4 52. Re7+ Kf8 53. Re1 Bd3 54. Nc3 b2 55. Rd1 Bc2 56. Rd8+ Ke7 57. Rb8 1-0

[Event "Titled Tuesday intern op 08th Nov Late"]
[Site "Chess.com INT"]
[Date "2022.11.08"]
[Round "10"]
[White "Bibilashvili, Lali"]
[Black "Marcolino, Daniel Mattos"]
[Result "0-1"]
[WhiteElo "1919"]
[BlackElo "2006"]
[PlyCount "122"]
[EventDate "2022.11.08"]
[EventType "swiss (blitz)"]
[EventRounds "11"]
[EventCountry "USA"]
[SourceTitle "EXT 2024"]
[Source "ChessBase"]
[SourceDate "2023.10.10"]
[SourceVersion "1"]
[SourceVersionDate "2023.10.10"]
[SourceQuality "1"]

1. c4 e6 2. d4 Nf6 3. Nf3 d5 4. Nc3 dxc4 5. e3 a6 6. Bxc4 b5 7. Bb3 Bb7 8. 0-0 Be7 9. a4 b4 10. Ne2 0-0 11. Nf4 Qd6 12. Bd2 a5 13. Qc1 c5 14. dxc5 Qxc5 15. Qxc5 Bxc5 16. Rac1 Nbd7 17. Nd4 Bxd4 18. exd4 Rac8 19. Be3 Nb6 20. f3 Nbd5 21. Nxd5 Bxd5 22. Bxd5 Nxd5 23. Bf2 Rfd8 24. Rc5 Rxc5 25. dxc5 Rc8 26. Rc1 Kf8 27. Kf1 Ke7 28. g3 Kd7 29. Ke2 Kc6 30. Kd3 Rd8 31. Kc4 Nc7 32. Rc2 Rd5 33. Be3 Na6 34. Rd2 Rxd2 35. Bxd2 Nxc5 36. b3 Nd7 37. f4 Nb6+ 38. Kd4 f6 39. Be3 Nd5 40. Bf2 Kd6 41. Kc4 Kc6 42. Ba7 h5 43. Bd4 Nb6+ 44. Kd3 Nd7 45. Ke4 f5+ 46. Ke3 g6 47. h3 Kd5 48. Bg7 e5 49. fxe5 Nxe5 50. Kf4 Nd3+ 51. Kg5 Nc1 52. Kxg6 Nxb3 53. Kxh5 Nd4 54. Kg5 b3 55. Bxd4 Kxd4 56. h4 b2 57. h5 b1Q 58. h6 Qc1+ 59. Kg6 Qc3 60. h7 Qxg3+ 61. Kf7 Qh4 0-1

[Event "Titled Tuesday intern op 08th Nov Early"]
[Site "Chess.com INT"]
[Date "2022.11.08"]
[Round "10"]
[White "Bibilashvili, Lali"]
[Black "Thiel, Thomas"]
[Result "1/2-1/2"]
[WhiteElo "1919"]
[BlackElo "2230"]
[PlyCount "85"]
[EventDate "2022.11.08"]
[EventType "swiss (blitz)"]
[EventRounds "11"]
[EventCountry "USA"]
[SourceTitle "EXT 2024"]
[Source "ChessBase"]
[SourceDate "2023.10.10"]
[SourceVersion "1"]
[SourceVersionDate "2023.10.10"]
[SourceQuality "1"]

1. c4 Nf6 2. g3 g6 3. Bg2 c6 4. e3 d5 5. cxd5 cxd5 6. d4 Bg7 7. Ne2 0-0 8. 0-0 Nc6 9. Nbc3 Bf5 10. Nf4 e6 11. h3 h5 12. Bf3 g5 13. Nxh5 Bxh3 14. Re1 Nxh5 15. Bxh5 f5 16. Bf3 g4 17. Bg2 Bxg2 18. Kxg2 Kf7 19. Rh1 Rh8 20. Bd2 Rxh1 21. Qxh1 Qh8 22. Nb5 Ke7 23. Rc1 a6 24. Nc3 Rc8 25. Ne2 Kf7 26. Nf4 Bh6 27. Nd3 Bg5 28. Ne5+ Nxe5 29. Rxc8 Qxc8 30. dxe5 Kg6 31. Bc3 Qc6 32. Bd4 Qc2 33. Qh8 Qe4+ 34. Kh2 Qf3 35. Qg8+ Kh6 36. Qh8+ Kg6 37. Qg8+ Kh5 38. Qh7+ Bh6 39. Qf7+ Kg5 40. Qg8+ Kh5 41. Qf7+ Kg5 42. Qg8+ Kh5 43. Qf7+ 1/2-1/2

[Event "Titled Tuesday intern op 08th Nov Early"]
[Site "Chess.com INT"]
[Date "2022.11.08"]
[Round "11"]
[White "Dahlgren, James Allen"]
[Black "Bibilashvili, Lali"]
[Result "1-0"]
[WhiteElo "1860"]
[BlackElo "1919"]
[PlyCount "49"]
[EventDate "2022.11.08"]
[EventType "swiss (blitz)"]
[EventRounds "11"]
[EventCountry "USA"]
[SourceTitle "EXT 2024"]
[Source "ChessBase"]
[SourceDate "2023.10.10"]
[SourceVersion "1"]
[SourceVersionDate "2023.10.10"]
[SourceQuality "1"]

1. d3 Nf6 2. f4 d5 3. Nf3 Bg4 4. g3 Bxf3 5. exf3 e6 6. Nc3 Bc5 7. d4 Bb4 8. Bd3 0-0 9. f5 Re8 10. fxe6 Rxe6+ 11. Kf2 Nc6 12. Be3 Qe7 13. Re1 Re8 14. Qd2 g6 15. a3 Bd6 16. Bb5 Nh5 17. Nxd5 Qd7 18. Bc4 Na5 19. Qxa5 Rxe3 20. Rxe3 Rxe3 21. Nxe3 Qh3 22. Nf1 Qf5 23. Qxf5 gxf5 24. Re1 Nf6 25. Ne3 1-0

[Event "Titled Tuesday intern op 08th Nov Early"]
[Site "Chess.com INT"]
[Date "2022.11.08"]
[Round "6"]
[White "Izuzquiza Gonzalez, Javier"]
[Black "Bibilashvili, Lali"]
[Result "0-1"]
[WhiteElo "2020"]
[BlackElo "1919"]
[PlyCount "88"]
[EventDate "2022.11.08"]
[EventType "swiss (blitz)"]
[EventRounds "11"]
[EventCountry "USA"]
[SourceTitle "EXT 2024"]
[Source "ChessBase"]
[SourceDate "2023.10.10"]
[SourceVersion "1"]
[SourceVersionDate "2023.10.10"]
[SourceQuality "1"]

1. d4 Nf6 2. c4 g6 3. Nf3 Bg7 4. g3 d6 5. Bg2 0-0 6. 0-0 Nbd7 7. Nc3 e5 8. e4 Re8 9. Qc2 exd4 10. Nxd4 Nc5 11. Re1 c6 12. h3 a5 13. Be3 a4 14. Rad1 Qc7 15. Ndb5 cxb5 16. Nxb5 Qe7 17. Nxd6 Ne6 18. Nxe8 Nxe8 19. f4 Bd7 20. e5 Nc5 21. Kh2 Bc6 22. Bd5 Nc7 23. Bxc6 bxc6 24. Rd6 Ra6 25. Bxc5 Qe8 26. Red1 Ne6 27. Qf2 h5 28. Bb6 Kh7 29. Be3 Qb8 30. Rd7 Kg8 31. R1d6 Qb4 32. Qe2 Ra8 33. g4 h4 34. Rxc6 g5 35. Bd4 Nxf4 36. Qc2 Qe1 37. Rcc7 Qg3+ 38. Kh1 Qxh3+ 39. Qh2 Qf3+ 40. Kg1 Ne2+ 41. Qxe2 Qxe2 42. Rxf7 Qxg4+ 43. Kf1 Rf8 44. e6 Bxd4 0-1

[Event "Titled Tuesday intern op 08th Nov Late"]
[Site "Chess.com INT"]
[Date "2022.11.08"]
[Round "7"]
[White "Rose, Felix"]
[Black "Bibilashvili, Lali"]
[Result "1-0"]
[WhiteElo "2091"]
[BlackElo "1919"]
[PlyCount "77"]
[EventDate "2022.11.08"]
[EventType "swiss (blitz)"]
[EventRounds "11"]
[EventCountry "USA"]
[SourceTitle "EXT 2024"]
[Source "ChessBase"]
[SourceDate "2023.10.10"]
[SourceVersion "1"]
[SourceVersionDate "2023.10.10"]
[SourceQuality "1"]

1. d4 Nf6 2. Nc3 g6 3. e4 d6 4. Nf3 Bg7 5. h3 0-0 6. Be3 c6 7. a4 Nbd7 8. Qd2 e5 9. dxe5 dxe5 10. Bc4 Qc7 11. 0-0 Nb6 12. Bb3 Be6 13. Bxe6 fxe6 14. b3 Rad8 15. Qe2 Nc8 16. Qc4 Rde8 17. Bc5 Rf7 18. Ng5 b6 19. Ba3 c5 20. Nxf7 Kxf7 21. Rad1 Nd6 22. Qe2 Nh5 23. Nb5 Nxb5 24. Qxb5 Re7 25. b4 c4 26. g3 Bh6 27. Bc1 Bxc1 28. Rxc1 Nf6 29. Rfe1 Kg7 30. Rcd1 Rf7 31. Kg2 h6 32. a5 bxa5 33. Qxa5 Qb7 34. Qxe5 Kh7 35. c3 Qb6 36. Rd6 Nxe4 37. Rxb6 Rxf2+ 38. Kg1 axb6 39. Rxe4 1-0

[Event "Titled Tuesday intern op 04th Oct Early"]
[Site "Chess.com INT"]
[Date "2022.10.04"]
[Round "10"]
[White "Bibilashvili, Lali"]
[Black "Noboa Silva, Kevin Omar"]
[Result "0-1"]
[WhiteElo "1919"]
[BlackElo "2278"]
[PlyCount "104"]
[EventDate "2022.10.04"]
[EventType "swiss (blitz)"]
[EventRounds "11"]
[EventCountry "USA"]
[SourceTitle "EXT 2023"]
[Source "ChessBase"]
[SourceDate "2022.10.05"]
[SourceVersion "1"]
[SourceVersionDate "2022.10.05"]
[SourceQuality "1"]

1. c4 e5 2. g3 Nf6 3. Bg2 c6 4. b3 d5 5. Bb2 Bd6 6. d3 0-0 7. Nd2 Re8 8. e4 a5 9. a4 Na6 10. Ne2 Nb4 11. Nc1 dxe4 12. dxe4 Bc5 13. 0-0 Bg4 14. Ne2 Nd3 15. Ba3 Bd4 16. Ra2 Qb6 17. c5 Nxc5 18. Nc4 Qa7 19. Qc2 Bxe2 20. Qxe2 Nxb3 21. Nd6 Re6 22. Nf5 Bc5 23. Bxc5 Qxc5 24. Rc2 Nd4 25. Nxd4 Qxd4 26. Rd1 Qxa4 27. Bh3 Ree8 28. f3 Rad8 29. Rcd2 Rxd2 30. Rxd2 h5 31. Bf5 g6 32. Bh3 Qb4 33. Bf1 Kg7 34. Kg2 a4 35. Rb2 Qe7 36. h4 b5 37. Qc2 Qd6 38. Qc3 Rd8 39. Rc2 a3 40. Ra2 b4 41. Qb3 c5 42. Bc4 Rd7 43. Kh3 Qd1 44. Kh2 Rd2+ 45. Rxd2 Qxd2+ 46. Kh3 Qb2 47. g4 hxg4+ 48. fxg4 Qxb3+ 49. Bxb3 Nxe4 50. Kg2 Nd2 51. Ba2 b3 52. Bxb3 Nxb3 0-1

[Event "Llinars del Valles op 1st"]
[Site "Llinars del Valles"]
[Date "2021.07.03"]
[Round "9"]
[White "Lobo Pereira, Arami"]
[Black "Bibilashvili, Lali"]
[Result "0-1"]
[WhiteElo "1687"]
[BlackElo "1869"]
[PlyCount "106"]
[EventDate "2021.06.25"]
[EventType "swiss"]
[EventRounds "9"]
[EventCountry "ESP"]
[SourceTitle "CBM 203 Extra"]
[Source "ChessBase"]
[SourceDate "2021.09.30"]
[SourceVersion "1"]
[SourceVersionDate "2021.09.30"]
[SourceQuality "1"]

1. d4 d5 2. c4 e6 3. Nc3 Nf6 4. cxd5 exd5 5. Bg5 Be7 6. e3 c6 7. Bd3 0-0 8. Nf3 h6 9. Bh4 Nbd7 10. 0-0 Ne4 11. Bxe7 Qxe7 12. Qe2 b6 13. Nd2 Ndf6 14. Ndxe4 dxe4 15. Bc4 b5 16. Bb3 a6 17. Rac1 Bb7 18. a4 b4 19. Nb1 a5 20. Nd2 Nd7 21. Qg4 c5 22. Rfe1 Kh8 23. Qf5 g6 24. Qf4 Kg7 25. Qc7 Rab8 26. Qxa5 Rfc8 27. Qb5 cxd4 28. Rxc8 Bxc8 29. Qd5 dxe3 30. Rxe3 Nf6 31. Qd4 Bb7 32. Re1 Rd8 33. Qe3 Qc7 34. Qe2 Qf4 35. Nf1 Ng4 36. h3 Ne5 37. Bc4 Qg5 38. Kh1 Qh4 39. Kg1 Rd6 40. Ng3 e3 41. Qxe3 Nxc4 42. Qa7 Rd7 43. a5 Qd4 44. Qb8 Qd6 45. Qe8 Nxa5 46. h4 Qd5 47. f3 Rd8 48. Qe7 Qd6 49. Qxd6 Rxd6 50. h5 b3 51. hxg6 Kxg6 52. Re5 Nc4 53. Re7 Bc6 0-1

[Event "Sitges Sunway 7th"]
[Site "Sitges"]
[Date "2020.12.15"]
[Round "3"]
[White "Bibilashvili, Lali"]
[Black "Serrano Aspa, Xavier"]
[Result "1/2-1/2"]
[WhiteElo "1830"]
[BlackElo "2061"]
[PlyCount "112"]
[EventDate "2020.12.13"]
[EventType "swiss"]
[EventRounds "10"]
[EventCountry "ESP"]
[SourceTitle "CBM 199 Extra"]
[Source "ChessBase"]
[SourceDate "2021.01.31"]
[SourceVersion "1"]
[SourceVersionDate "2021.01.31"]
[SourceQuality "1"]

1. c4 e6 2. Nc3 b6 3. Nf3 Bb7 4. d4 Nf6 5. a3 Be7 6. d5 d6 7. e4 e5 8. Bd3 a5 9. 0-0 0-0 10. Ne1 Na6 11. Rb1 Nc5 12. Bc2 Bc8 13. b4 axb4 14. axb4 Na6 15. Nd3 Bg4 16. f3 Bd7 17. Be3 Nh5 18. f4 Nxf4 19. Nxf4 exf4 20. Bxf4 Bf6 21. Qd3 g6 22. Bh6 Bg7 23. Bxg7 Kxg7 24. Qd4+ f6 25. Ne2 Qe7 26. Nf4 Qe5 27. Qf2 Qc3 28. Rfc1 Qe5 29. Nd3 Qxe4 30. Nc5 Qe8 31. Re1 Qf7 32. Ne6+ Bxe6 33. dxe6 Qe7 34. Be4 Rab8 35. Bd5 c5 36. b5 Nb4 37. Qd2 Rfc8 38. Ra1 Rc7 39. Ra3 Re8 40. Rea1 Nxd5 41. cxd5 c4 42. Qd4 Rb8 43. Rc3 Rc5 44. Rxc4 Rxb5 45. Rca4 Rc5 46. Ra7 Rb7 47. Ra8 b5 48. Rf1 Rc4 49. Qb2 b4 50. Rxf6 Qxf6 51. Rg8+ Kxg8 52. Qxf6 b3 53. e7 Rxe7 54. Qxe7 b2 55. Qe8+ Kg7 56. Qe7+ Kg8 1/2-1/2

[Event "Sitges Sunway 7th"]
[Site "Sitges"]
[Date "2020.12.13"]
[Round "1"]
[White "Bibilashvili, Lali"]
[Black "Jimenez Ruano, Adrian"]
[Result "0-1"]
[WhiteElo "1830"]
[BlackElo "2279"]
[PlyCount "70"]
[EventDate "2020.12.13"]
[EventType "swiss"]
[EventRounds "10"]
[EventCountry "ESP"]
[SourceTitle "CBM 199 Extra"]
[Source "ChessBase"]
[SourceDate "2021.01.31"]
[SourceVersion "1"]
[SourceVersionDate "2021.01.31"]
[SourceQuality "1"]

1. c4 e5 2. Nc3 Nf6 3. g3 d5 4. cxd5 Nxd5 5. Bg2 Nb6 6. Nf3 Nc6 7. 0-0 Be7 8. d3 0-0 9. Bd2 Be6 10. Ne4 f6 11. h3 a5 12. Be3 Nd5 13. Bc5 b6 14. Bxe7 Qxe7 15. Qa4 Na7 16. Rfc1 c5 17. Nc3 Nxc3 18. bxc3 Bd5 19. Qh4 b5 20. Ng5 fxg5 21. Bxd5+ Kh8 22. Qh5 g6 23. Qg4 Rad8 24. Bf3 Nc8 25. a4 Nd6 26. h4 c4 27. h5 cxd3 28. exd3 Qf6 29. Kg2 e4 30. dxe4 Nc4 31. hxg6 hxg6 32. Rh1+ Kg7 33. Rad1 Rxd1 34. Rxd1 Ne5 35. Rd7+ Kg8 0-1

[Event "Titled Tuesday intern op 19th May"]
[Site "Chess.com INT"]
[Date "2020.05.19"]
[Round "2"]
[White "Bibilashvili, Lali"]
[Black "Kuklin, Valentin"]
[Result "0-1"]
[WhiteElo "1830"]
[BlackElo "2384"]
[PlyCount "88"]
[EventDate "2020.05.19"]
[EventType "swiss (blitz)"]
[EventRounds "10"]
[EventCountry "USA"]
[SourceTitle "EXT 2021"]
[Source "ChessBase"]
[SourceDate "2020.10.23"]
[SourceVersion "1"]
[SourceVersionDate "2020.10.23"]
[SourceQuality "1"]

1. c4 c5 2. Nc3 Nc6 3. g3 g6 4. Bg2 Bg7 5. e3 Nf6 6. Nge2 0-0 7. 0-0 b6 8. Rb1 Bb7 9. d4 cxd4 10. exd4 Na5 11. b3 Bxg2 12. Kxg2 d5 13. c5 Rc8 14. Be3 Ng4 15. b4 Nc4 16. Qd3 Ngxe3+ 17. fxe3 e5 18. a4 Re8 19. Nd1 a5 20. bxa5 bxc5 21. Rb7 f5 22. a6 exd4 23. exd4 Ra8 24. a7 Re7 25. Rxe7 Qxe7 26. Nf4 Qe4+ 27. Qxe4 dxe4 28. dxc5 Rxa7 29. Ne6 Rxa4 30. c6 Nd6 31. Ne3 Kf7 32. Nxg7 Kxg7 33. Rd1 Nb5 34. Rd7+ Kf6 35. c7 Nxc7 36. Rxc7 h5 37. Kh3 Ra2 38. Nd5+ Kg5 39. Nf4 Ra6 40. Rg7 Kh6 41. Rf7 g5 42. Nd5 Ra2 43. Rxf5 g4+ 44. Kh4 Rxh2# 0-1